Concerns, conflicts, and cohesions : (Record no. 28675)

MARC details
000 -LEADER
fixed length control field 01377nam a22003015a 4500
005 - DATE AND TIME OF LATEST TRANSACTION
control field 2009072507487.0
008 - FIXED-LENGTH DATA ELEMENTS--GENERAL INFORMATION
fixed length control field 090128s2009 ii ab g b 101 0 eng d
010 ## - LCCN (DPL NO)
LC control number ENG-94545
020 ## - INTERNATIONAL STANDARD BOOK NUMBER
International Standard Book Number 9780198060246
Terms of availability 750.00
020 ## - INTERNATIONAL STANDARD BOOK NUMBER
International Standard Book Number 0198060246
Terms of availability 750.00
035 ## - SYSTEM CONTROL NUMBER
System control number EN-78078
037 ## - SOURCE OF ACQUISITION
Stock number DBAD / PUB
040 ## - CATALOGING SOURCE
Original cataloging agency dpl
Language of cataloging English
082 ## - DEWEY DECIMAL CLASSIFICATION NUMBER
Classification number 372.954
245 ## - TITLE STATEMENT
Title Concerns, conflicts, and cohesions :
Remainder of title universalization of elementary education in India /
Statement of responsibility, etc edited by Preet Rustagi
260 ## - PUBLICATION, DISTRIBUTION, ETC. (IMPRINT)
Place of publication, distribution, etc New Delhi
Name of publisher, distributor, etc Institute for Human Development
-- Oxford University Press
Date of publication, distribution, etc 2009
270 ## - ADDRESS
Address YMCA Library Building, Jai Singh Road,
City New Delhi
Postal code 110001
300 ## - PHYSICAL DESCRIPTION
Extent xxii, 350 p. :
Other physical details ill., maps ;
Dimensions 23cm(Hb)
504 ## - BIBLIOGRAPHY, ETC. NOTE
Bibliography, etc Includes bibliographical references and index
520 ## - SUMMARY, ETC.
Summary, etc Revised version of most of the papers presented at a seminar held in June 2006.
650 ## - SUBJECT ADDED ENTRY--TOPICAL TERM
Topical term or geographic name as entry element Education, Elementary
Geographic subdivision India
Form subdivision Congresses.
650 ## - SUBJECT ADDED ENTRY--TOPICAL TERM
Topical term or geographic name as entry element Inclusive education
Geographic subdivision India
Form subdivision Congresses.
650 ## - SUBJECT ADDED ENTRY--TOPICAL TERM
Topical term or geographic name as entry element Education, Elementary
General subdivision Government policy
Geographic subdivision India
Form subdivision Congresses.
700 ## - ADDED ENTRY--PERSONAL NAME
Personal name Rustagi, Preet
710 ## - ADDED ENTRY--CORPORATE NAME
Corporate name or jurisdiction name as entry element Institute for Human Development (New Delhi, India)
942 ## - ADDED ENTRY ELEMENTS (KOHA)
Source of classification or shelving scheme Dewey Decimal Classification
Item type English Books
Classification part 372.954
Call number suffix CON
Holdings
Withdrawn status Lost status Source of classification or shelving scheme Damaged status Not for loan Collection code Home library Current library Date acquired Source of acquisition Cost, normal purchase price Total Checkouts Full call number Barcode Date last seen Copy number Cost, replacement price Koha item type
    Dewey Decimal Classification   Not For Loan Non-fiction D.B.Act.Division D.B.Act.Division 25/07/2009 DBAD / PUB 750.00   372.954 CON EN-78078 25/07/2009 1 750.00 English Books

© Delhi Public Library
Hit Counter
free hit counter